Mot mystérieux - Série 32 - Statistiques

Statistiques générales
  • Ce quiz a été pris 83 fois
  • Le résultat moyen est 6 sur 10
Statistiques - réponses
Indices Mot % Correct
Mariage - Courses - Tête - Schindler Liste
88%
Brosse - Corps - Sorcière - Coup Balai
86%
Velours- Cyclone - Perdrix - Verre Oeil
84%
Mer - Mémoire - Cimetière - Dumbo Elephant
81%
Oie - Calais - Course - Vis Pas
73%
Miel - Rousse - Poisson - Clair Lune
71%
Ménage - Journée - Foyer - Palais Femme
64%
Action - Soleil - Bicyclette - Miel Rayon
52%
Eau - Pierre - Encre - Lumière Jet
25%
Robe - Cours - Prière - France Soir
14%
Aucun quiz correspondant
Distribution des résultats
% des personnes avec chaque résultat
Percentile par nombre de réponses
Votre historique - résultats
Vous n’avez pas pris ce quiz